| 000 | 00572nam a2200205Ia 4500 | ||
|---|---|---|---|
| 003 | OSt | ||
| 005 | 20251113162250.0 | ||
| 008 | 210719s1967 xx 000 0 und d | ||
| 040 | _cAL | ||
| 041 | _aKannada | ||
| 082 | _a894.814109 SITM | ||
| 100 |
_aSITARAMIAH (V) _dಸೀತಾರಾಮಯ್ಯ (ವಿ) _9245491 |
||
| 245 |
_aMahakavi pampa. _b ಮಹಾಕವಿ ಪಂಪ. |
||
| 260 |
_aBombay. _bPopular Prakashan., _c1967 |
||
| 300 |
_a245 _bPB |
||
| 365 |
_b20 _cRs |
||
| 650 |
_aKannada Criticism _9245492 |
||
| 906 | _aPampa in english | ||
| 942 |
_2ddc _cBK |
||
| 999 |
_c213054 _d213054 |
||